Marcel Proust's Remembrance of things past / (Record no. 527560)

000 -LEADER
fixed length control field 01268pam a2200313 a 4500
001 - CONTROL NUMBER
control field 2879905
003 - CONTROL NUMBER IDENTIFIER
control field NUST
005 - DATE AND TIME OF LATEST TRANSACTION
control field 20190730111053.0
008 - FIXED-LENGTH DATA ELEMENTS--GENERAL INFORMATION
fixed length control field 861106s1987 nyu b 001 0 eng
010 ## - LIBRARY OF CONGRESS CONTROL NUMBER
LC control number 86029177
020 ## - INTERNATIONAL STANDARD BOOK NUMBER
International Standard Book Number 1555460755 (alk. paper) :
Terms of availability $24.50
038 ## - RECORD CONTENT LICENSOR
Staff Name Muhammad Ibrahim
040 ## - CATALOGING SOURCE
Original cataloging agency DLC
Transcribing agency DLC
Modifying agency DLC
042 ## - AUTHENTICATION CODE
Authentication code lcac
050 00 - LIBRARY OF CONGRESS CALL NUMBER
Classification number PQ2631.R63
Item number A832 1987
082 00 - DEWEY DECIMAL CLASSIFICATION NUMBER
Classification number 843.912
Edition number 19
245 00 - TITLE STATEMENT
Title Marcel Proust's Remembrance of things past /
Statement of responsibility, etc. edited and with an introduction by Harold Bloom.
260 ## - PUBLICATION, DISTRIBUTION, ETC.
Place of publication, distribution, etc. New York :
Name of publisher, distributor, etc. Random House,
Date of publication, distribution, etc. 1934.
300 ## - PHYSICAL DESCRIPTION
Extent 2 vol
Dimensions 25 cm.
440 #0 - SERIES STATEMENT/ADDED ENTRY--TITLE
Title Modern critical interpretations
9 (RLIN) 18891
500 ## - GENERAL NOTE
General note vol 1<br/>Swann's ways<br/> Within a budding grove <br/>The Guermantes Way Vol 1<br/>vol 2<br/>Cities of the Plain <br/>The captive <br/>The Sweet Cheat Gone<br/>The Past recaptured<br/><br/>
520 ## - SUMMARY, ETC.
Summary, etc. A collection of critical essays on Proust's "Remembrance of Things Past" arranged in chronological order of publication.
600 10 - SUBJECT ADDED ENTRY--PERSONAL NAME
Personal name Proust, Marcel,
Dates associated with a name 1871-1922.
9 (RLIN) 18892
600 11 - SUBJECT ADDED ENTRY--PERSONAL NAME
Personal name Proust, Marcel,
Title of a work Remembrance of things past.
9 (RLIN) 18893
650 #1 - SUBJECT ADDED ENTRY--TOPICAL TERM
Topical term or geographic name entry element French literature
General subdivision History and criticism.
9 (RLIN) 18894
700 1# - ADDED ENTRY--PERSONAL NAME
Personal name Bloom, Harold.
9 (RLIN) 11484
906 ## - LOCAL DATA ELEMENT F, LDF (RLIN)
a 7
b cbc
c orignew
d 1
e ocip
f 19
g y-gencatlg
942 ## - ADDED ENTRY ELEMENTS (KOHA)
Source of classification or shelving scheme
Koha item type Book
Holdings
Withdrawn status Lost status Source of classification or shelving scheme Damaged status Not for loan Permanent Location Current Location Shelving location Date acquired Total Checkouts Full call number Barcode Date last seen Price effective from Koha item type
          Centre for International Peace & Stability (CIPS) Centre for International Peace & Stability (CIPS) General Stacks 07/30/2019   843.912 REM 1934 CIPSD0000533 07/30/2019 07/30/2019 Book
          Centre for International Peace & Stability (CIPS) Centre for International Peace & Stability (CIPS) General Stacks 07/30/2019   843.912 REM 1934 CIPSD0000534 07/30/2019 07/30/2019 Book
© 2023 Central Library, National University of Sciences and Technology. All Rights Reserved.